Score 0/21 Timer 03:00
0 Plays Today
Hint 5-Letter Word % Correct
The opposite of left•RIGHT•
90.6%
Appendicitis (and the pain it causes) may be this; or, an angle less than 90 degrees•ACUTE•
90%
Catamarans, ferries, sloopsBOATS
83.7%
Headphones by DreBEATS
80.5%
Essential Mardi Gras acoutrementsBEADS
79.4%
A social division, esp. in HinduismCASTE
72%
Deep-sea diving decompression hazardBENDS
69.7%
Painters generally use a couple of theseCOATS
69.6%
These can eat into your profitsCOSTS
68.3%
This can make wasteHASTE
64.3%
A racist or intolerant personBIGOT
62.9%
Hint 5-Letter Word % Correct
These can result from getting plasteredCASTS
62.6%
Infamous murder victim Jon_____ RamseyBENÉT
57.9%
Elaine's last name on SeinfeldBENES
56.4%
A bend in a river or along a coast forming a bayBIGHT
56.3%
Couture or cuisineHAUTE
54.9%
To quickly cook over relatively high heatSAUTÉ
51.7%
A bony plate on a turtle's shellSCUTE
47.4%
A biblical description of where babies came fromBEGOT
33.4%
To attack from all sides, overwhelmBESET
20.7%
Twitterpate or infatuateBESOT
19.5%

Today's Daily Dose

Remove Ads.
Support Sporcle.
Get the best of Sporcle when you Go Orange. This ad-free experience offers more features, more stats, and more fun while also helping to support Sporcle. Thank you for becoming a member.

You're not logged in!

Compare scores with friends on all Sporcle quizzes.
OR
Log In

Show Comments

Extras

Top Quizzes Today


Score Distribution

Your Account Isn't Verified!

In order to create a playlist on Sporcle, you need to verify the email address you used during registration. Go to your Sporcle Settings to finish the process.

Report this User

Report this user for behavior that violates our Community Guidelines.

Details: